000 01276cam a2200301 a 4500
001 14977361
005 20161102144520.0
008 070823s2008 nyua | b 001 0 eng d
010 _a 2007035077
020 _a9780521880381 (hardback)
035 _a(OCoLC)ocn180851905
035 _a(OCoLC)180851905
040 _aDLC
_cDLC
_dYDX
_dBAKER
_dBTCTA
_dYDXCP
_dDLC
050 0 0 _aQA76.76.T48
_bA56 2008
082 0 0 _a004.24
_222
_bAMM
100 1 _aAmmann, Paul,
_d1961-
_912301
245 1 0 _aIntroduction to Software Testing /
_cPaul Ammann, Jeff Offutt.
260 _aCambridge :
_bCambridge University Press,
_cc2008.
300 _axxii, 322 p. :
_bill. ;
_c26 cm.
504 _aIncludes bibliographical references and index.
650 0 _912302
_aComputer software
_xTesting
700 1 _aOffutt, Jeff,
_d1961-
_912303
856 4 1 _3Table of contents only
_uhttp://www.loc.gov/catdir/enhancements/fy0803/2007035077-t.html
856 4 2 _3Publisher description
_uhttp://www.loc.gov/catdir/enhancements/fy0803/2007035077-d.html
856 4 2 _3Contributor biographical information
_uhttp://www.loc.gov/catdir/enhancements/fy0803/2007035077-b.html
942 _2ddc
_cBB
999 _c13593
_d13593